000 00832nam a2200229Ii 4500
003 JO-AjNU
008 230605s9999||||xx |||||||||||||| ||und||
017 _a1999/10/1889
020 _a9957-402-53-9
040 _aJO-AjNU
_bara
_erda
_cJO-AjNU
041 _aara
050 1 4 _aHV 1593 . M3322 2000
100 3 _aتأليف: عبيد، ماجدة السيد,
_eauthor
_931600
245 0 0 _aالمبصرون بآذانهم : المعاقون بصرياً
250 _aط1
264 3 1 _aعمان: دار صفاء للنشر والتوزيع، 2000
300 _a396ص
_bيحتوي على ببلوغرافية من 387-396ص
336 _atext
_btxt
_2rdacontent
337 _aunmediated
_bn
_2rdamedia
338 _avolume
_bnc
_2rdacarrier
650 4 _aالمعوقون - رعاية - المكفوفون - تعليم
_931601
999 _aA12656
_c16224
_d16224